ARRUPE JESUIT UNIVERSITY

CORONAVIRUS -STOP THE SPREAD - CLEAN,DISINFECT,COVER

Ethics in educational leadership programs (Record no. 64153)

MARC details
000 -LEADER
fixed length control field 00526nam a2200217Ia 4500
003 - CONTROL NUMBER IDENTIFIER
control field 0100
008 - FIXED-LENGTH DATA ELEMENTS--GENERAL INFORMATION
fixed length control field 130303s9999 xx 000 0 und d
040 ## - CATALOGING SOURCE
Transcribing agency ARRUPELIB
050 ## - LIBRARY OF CONGRESS CALL NUMBER
Classification number LB1738.5.B43 1994
300 ## - PHYSICAL DESCRIPTION
Other physical details 120p. 22cm
100 ## - MAIN ENTRY--PERSONAL NAME
Personal name Beck, Lynn G.
245 ## - TITLE STATEMENT
Title Ethics in educational leadership programs
245 ## - TITLE STATEMENT
Remainder of title an expanding role
260 ## - PUBLICATION, DISTRIBUTION, ETC. (IMPRINT)
Place of publication, distribution, etc California
260 ## - PUBLICATION, DISTRIBUTION, ETC. (IMPRINT)
Name of publisher, distributor, etc Corwin press
260 ## - PUBLICATION, DISTRIBUTION, ETC. (IMPRINT)
-- 1994
300 ## - PHYSICAL DESCRIPTION
Extent xv
650 ## - SUBJECT ADDED ENTRY--TOPICAL TERM
Topical term following geographic name as entry element catholic church-laity
700 ## - ADDED ENTRY--PERSONAL NAME
Personal name Murphy, Joseph
942 ## - ADDED ENTRY ELEMENTS (KOHA)
Source of classification or shelving scheme Library of Congress Classification
Koha issues (borrowed), all copies 2
Holdings
Withdrawn status Lost status Source of classification or shelving scheme Damaged status Not for loan Collection code Home library Current library Shelving location Date acquired Total Checkouts Full call number Barcode Date last seen Date checked out Copy number Price effective from Koha item type
    Library of Congress Classification     Main Collection ARRUPE LIBRARY ARRUPE LIBRARY   05/03/2013 2 LB1738.5.B43 1994 46003097316 28/06/2018 15/01/2014 1 05/03/2013 Monograph ( Printed materials)

 

Arrupe Library. PO Box MP320 Mt Pleasant, Harare, Zimbabwe
263 242 745411|librarian@aju.ac.zw